000 01141cam a22002894a 4500
001 12244831
003 OSt
005 20240621153141.0
008 001130r20011977riu b 001 0 eng
010 _a 00067641
020 _a0821827375 (alk. paper)
040 _aMUST LIB
_cMUST
_dMUST
042 _apcc
050 0 0 _aQA374
_b.T44 2001
082 0 0 _a532
_221
_bTEM
100 1 _aTemam, Roger.
_917598
245 1 0 _aNavier-Stokes equations :
_btheory and numerical analysis /
_cby Roger Temam.
260 _aProvidence, R.I. :
_bAMS Chelsea Pub.,
_c2001.
300 _axiv, 408 p. ;
_c26 cm.
500 _a"Third (revised) edition"--P. xi.
500 _aOriginally published: Amsterdam ; New York : North-Holland, 1977. With new introd.
504 _aIncludes bibliographical references and index.
650 0 _aNavier-Stokes equations.
_917599
906 _a7
_bcbc
_corignew
_d1
_eocip
_f20
_gy-gencatlg
942 _2ddc
_cO_SHELF
999 _c8705
_d8705